000 00816nam a2200217 i 4500
001 171435
003 ES-MaACL
005 20250930063149.0
008 090514s1973 sp |||| | spa d
020 _a84-220-0652-9
100 1 _aManjón, Andrés,
_d1846-1923
_976033
245 1 0 _aDiario del P. Manjón, 1895-1905 /
_cedición crítica preparada por José Manuel Prellezo García ; prólogo de Luis Sánchez Agesta.
260 _aMadrid :
_bLa Editorial Católica,
_c1973.
300 _aXXI, 1 h, 448 p., 1 h. ;
_c20 cm.
490 1 _aBiblioteca de autores cristianos ;
_v348
700 1 _aPrellezo, José Manuel.
_993750
700 0 _aSánchez Agesta, Luis.
_9102435
830 0 0 _aBiblioteca de autores cristianos
_v348
_9178679
852 _aES-MaACL
_jJ-341
_9R.46092
999 _c171435
_d171435